Central Library OPAC University of Rajshahi

Number-divisor tables / (Record no. 51415)

MARC details
000 -LEADER
fixed length control field 01279nam a2200301 a 4500
001 - CONTROL NUMBER
control field 51415
003 - CONTROL NUMBER IDENTIFIER
rucl marc code BD-RjUL
005 - DATE AND TIME OF LATEST TRANSACTION
control field 20211209075645.0
008 - FIXED-LENGTH DATA ELEMENTS--GENERAL INFORMATION
fixed length control field 160830s19661940enk 000 0 eng d
035 ## - SYSTEM CONTROL NUMBER
System control number (BD-RjUL)51535
040 ## - CATALOGING SOURCE
Original cataloging agency IQU
Transcribing agency IQU
Modifying agency m.c.
-- m/c
-- BD-RjUL
Language of cataloging eng
041 ## - LANGUAGE CODE
Language code of text/sound track or separate title eng
082 ## - DEWEY DECIMAL CLASSIFICATION NUMBER
Edition number 22
Classification number 513.213
Author mark and year NUM 1966
245 00 - TITLE STATEMENT
Title Number-divisor tables /
Statement of responsibility, etc. designed and in part prepared by J. W. L. Glaisher ; extended and edited by the Committee for the Calculation of Mathematical Tables.
260 ## - PUBLICATION, DISTRIBUTION, ETC. (IMPRINT)
Place of publication, distribution, etc. Cambridge :
Name of publisher, distributor, etc. Published for the Royal Society at the University Press,
Date of publication, distribution, etc. 1940 [Rerint 1966]
300 ## - PHYSICAL DESCRIPTION
Pagination x, 100 ;
Size 29 cm.
490 1# - SERIES STATEMENT
Series statement Mathematical tables ; v. 8
500 ## - GENERAL NOTE
General note Chiefly tables.
General note At head of title: British Association for the Advancement of Science.
504 ## - BIBLIOGRAPHY, ETC. NOTE
Bibliography, etc Bibliography: p. x.
650 #0 - SUBJECT ADDED ENTRY--TOPICAL TERM
Topical term or geographic name as entry element Division
Form subdivision Tables.
9 (RLIN) 153796
Topical term or geographic name as entry element Multiplication
Form subdivision Tables.
9 (RLIN) 153797
700 1# - ADDED ENTRY--PERSONAL NAME
Personal name Glaisher, J. W. L.
Fuller form of name (James Whitbread Lee),
Dates associated with a name 1848-1928.
710 2# - ADDED ENTRY--CORPORATE NAME
Corporate name or jurisdiction name as entry element British Association for the Advancement of Science.
Subordinate unit Committee for the Calculation of Mathematical Tables.
9 (RLIN) 153799
830 #0 - SERIES ADDED ENTRY--UNIFORM TITLE
Uniform title Mathematical tables (British Association for the Advancement of Science) ;
Volume number/sequential designation v. 8.
942 ## - ADDED ENTRY ELEMENTS (KOHA)
Source of classification or shelving scheme Dewey Decimal Classification
Koha item type Books
949 ## - LOCAL PROCESSING INFORMATION (OCLC)
a MYGS
Holdings
Lost status Source of classification or shelving scheme Damaged status Not for loan Collection code Permanent Location Current Location Shelving location Date acquired Source of acquisition Cost, normal purchase price Total Checkouts Full call number Date last seen Copy number Koha item type
  Dewey Decimal Classification     Non-fiction Central Library, University of Rajshahi Central Library, University of Rajshahi   22/10/1969 Zeithinger 45.00   513.213 NUM 1966 31/08/2016 C-2 Books